Statistiques concernant Chansons d'Alice au pays des merveilles

Cliquez ici pour prendre le quiz!

Statistiques générales

  • Ce quiz a été pris 16 fois
  • Le résultat moyen est 6 sur 19

Statistiques - réponses

Personnage(s)IndicesChansons% Correct
Le Lièvre de mars, le Chapelier fou et AliceUne fête qui a lieu 364 jours sur 35Chanson du Non-Anniversaire
88%
Le Lièvre de mars, le Chapelier fou, La Reine de Cœur et AliceMais c'est aussi celui de la reineUn joyeux non-anniversaire (reprise)
88%
L'As, le 2 et le 3 de Trèfle et AliceArrivée d'Alice dans le jardin mais avec des rosiers blancsPeignons les roses en rouge
75%
Lapin blancEn se dirigeant vers le pays des merveillesJe suis en r'tard
56%
ChœurGénérique du début présentant le lieu de l'histoirePays du merveilleux
44%
ChœurGénérique de finPays du merveilleux (reprise)
44%
La ChenilleC'est sympa les voyellesA-E-I-O-U
31%
Les Fleurs et AliceLes fleurs parlent, et même chantent !!Un Matin de Mai Fleuri
31%
Tweedle Dee et Tweedle DumEncore une autre histoireLe Père François
25%
Tweedle Dee et Tweedle DumFaçon de se présenter d'apres ces drôles de monsieurVotre Santé est Bonne ?
25%
Tweedle Dee et Tweedle DumLa petite histoire des huitres trop curieuseLe Morse et le Charpentier
19%
Le Chat de ChesterUn chat particulier qui devient invisibleLes Rhododendroves
19%
AliceDécrit un monde où notamment les chat parlentDans le monde de mes rêves
13%
Dodo et ChoeurMéthode pour sécher et se réchauffer ?La Course saugrenue
13%
Dodo et le Lapin blancAlice bloquée dans la maison leur fait peurOn va griller le monstre
13%
La reine de cœurPas contente de voir du rougeQui ose peindre mes roses en rouge?
13%
AliceDésespérée de rentrer chez elleCe que je dois faire
6%
La ChenillePoésie dont l'auteur était pas dans un état "normal"C'est l'heure où le long crocodile
0%
DodoUn drôle d'oiseau qui navigueJe suis l'matelot
0%

Distribution des résultats

Percentile par nombre de réponses

% des personnes avec chaque résultat

Votre développement - résultats

Vous n’avez pas pris ce quiz